| 000 | 00722nam a2200253Ia 4500 | ||
|---|---|---|---|
| 003 | OSt | ||
| 005 | 20220918105619.0 | ||
| 006 | a|||||r|||| 00| 0 | ||
| 007 | ta | ||
| 008 | 220915b |||||||| |||| 00| 0 eng d | ||
| 024 | _a8964 | ||
| 037 | _cReference Collections | ||
| 040 |
_aARTS _cARTS _beng |
||
| 041 |
_2eng _aeng |
||
| 082 | _aGk, M3 (RR)) | ||
| 100 |
_aMedawar P B _92684 |
||
| 245 | 0 |
_aAristotle to zoos _b A philosophical dictionary of biology |
|
| 260 |
_aCambridge _bHarvard Univ Press _c1983 |
||
| 300 | _avii,305p | ||
| 650 |
_aBIOLOGY _97 |
||
| 700 |
_a Medawar J S _92685 |
||
| 942 |
_hGk, M3 (RR)) _cREF |
||
| 999 |
_c108495 _d108495 |
||